000 00632nam a2200217 a 4500
001 16540
003 CO-ViMGA
008 141112s2004 ck r 000 u spa d
020 _a8434223988
040 _aCO-ViMGA
_bspa
_cCO-ViMGA
082 0 4 _a742 B187c
100 1 _aBraunstein, Mercedes
_923596
245 1 0 _aConceptos básicos de composición y perspectiva
260 _aBarcelona (España) :
_bParramón,
_c2001
300 _a32.p.il.
490 _aCuadernos Parramón
590 _aForma de adquisición : Premio - Mincultura
650 1 4 _aCOMPOSICION ARTISTICA
_923597
650 1 4 _aPERSPECTIVA
_953489
942 _2ddc
_cBK
999 _c26339
_d26339